[Event "Challenge"]
[Site "http://www.queenalice.com/game.php?id=34655"]
[Date "2005.10.24"]
[Round "-"]
[White "thiferri"]
[Black "chessyca"]
[Result "0-1"]
[WhiteElo "1569"]
[BlackElo "1738"]

1. e4 Nf6 2. e5 Nd5 3. d4 d6 4. Bc4 Nc6 5. Bxd5 dxe5 6. dxe5 Nxe5 7. Nf3 e6 8.
Nxe5 Qxd5 9. Qh5 g6 10. Qg5 Bg7 11. Bf4 f6 12. Nc3 fxg5 13. Nxd5 exd5 14. Bg3
O-O 15. Rd1 Re8 16. Rxd5 Be6 17. Rc5 Bxa2 18. O-O Rxe5 19. Bxe5 b6 20. Bxg7 bxc5
0-1

[Event "Challenge"]
[Site "http://www.queenalice.com/game.php?id=34656"]
[Date "2005.10.24"]
[Round "-"]
[White "thiferri"]
[Black "alexsoncini"]
[Result "0-1"]
[WhiteElo "1506"]
[BlackElo "1877"]

1. e4 e5 2. Nf3 Nc6 3. d4 d6 4. d5 Nb8 5. Nc3 Nf6 6. Bc4 a6 7. O-O b5 8. Be2 b4
9. Nb1 Nxe4 10. c3 a5 11. Qd3 Nc5 12. Qc2 Ba6 13. c4 Be7 14. h3 Nbd7 15. Qf5 g6
16. Qg4 f5 17. Qg3 Ne4 18. Qh2 Ng5 19. Qg3 Nxf3+ 20. Qxf3 e4 21. Qb3 Nc5 22. Qc2
Bg5 23. a3 b3 24. Qc3 Bf6 25. Qe3 Kf7 0-1

[Event "Challenge"]
[Site "http://www.queenalice.com/game.php?id=34660"]
[Date "2005.10.24"]
[Round "-"]
[White "thiferri"]
[Black "edwin"]
[Result "0-1"]
[WhiteElo "1634"]
[BlackElo "2012"]

1. e4 e5 2. Nf3 Nc6 3. Bc4 Nf6 4. Nc3 Bc5 5. O-O d6 6. d3 Bg4 7. h3 Bh5 8. a3
O-O 9. b4 Bd4 10. Qd2 Bxf3 11. gxf3 Nh5 12. b5 Nf4 13. bxc6 Qg5+ 14. Kh1 Qg2#
0-1

[Event "Challenge"]
[Site "http://www.queenalice.com/game.php?id=34661"]
[Date "2005.10.24"]
[Round "-"]
[White "thiferri"]
[Black "tpstar"]
[Result "0-1"]
[WhiteElo "1639"]
[BlackElo "1915"]

1. e4 e5 2. Nf3 Nc6 3. Nc3 Nf6 4. d4 exd4 5. Nxd4 Bb4 6. Nxc6 bxc6 7. a3 Bxc3+
8. bxc3 Nxe4 9. Qg4 O-O 10. Qxe4 Re8 11. Qxe8+ Qxe8+ 12. Be2 Ba6 13. Be3 Bxe2
14. Kxe2 f5 15. g3 Qe4 16. f3 Qxc2+ 17. Kf1 Qxc3 18. Re1 Qxa3 19. Kg2 Re8 20.
Bc1 Qa2+ 21. Kh3 Rxe1 22. Rxe1 Qf2 23. Re8+ Kf7 24. Rd8 Qf1+ 25. Kh4 Qxc1 26.
Rxd7+ Ke6 27. f4 Kxd7 28. Kg5 Ke6 29. Kh5 Qd1+ 30. g4 Qxg4# 0-1

[Event "Challenge"]
[Site "http://www.queenalice.com/game.php?id=34843"]
[Date "2005.10.25"]
[Round "-"]
[White "thiferri"]
[Black "Fabio"]
[Result "1-0"]
[WhiteElo "1603"]
[BlackElo "1678"]

1. e4 e5 2. Nf3 d6 3. d4 Nf6 4. dxe5 Nxe4 5. Bb5+ Bd7 6. Bc4 h6 7. Qd5 Ng5 8.
Nxg5 Qxg5 9. Bxg5 hxg5 10. Qxb7 Bc6 11. Qxc7 Bxg2 12. Bxf7# 1-0

[Event "Challenge"]
[Site "http://www.queenalice.com/game.php?id=34844"]
[Date "2005.10.25"]
[Round "-"]
[White "thiferri"]
[Black "romulo_rodrigues"]
[Result "1-0"]
[WhiteElo "1632"]
[BlackElo "1344"]

1. e4 Nf6 2. e5 Ne4 3. d4 e6 4. Nf3 Bb4+ 5. c3 Ba5 6. Na3 O-O 7. Nc4 b6 8. Nxa5
bxa5 9. Qe2 Bb7 10. Qb5 Ba6 11. Qxa5 c5 12. Qxd8 Rxd8 13. Bxa6 Nxa6 14. O-O cxd4
15. cxd4 Rdc8 16. Re1 d5 17. a3 g5 18. Nxg5 Rc2 19. Nxe4 dxe4 20. Rxe4 Rac8 21.
Rg4+ Kf8 22. Bh6+ Ke7 23. h3 Rxb2 24. Bg5+ Kd7 25. Rf4 Rf8 26. Bh6 Re8 27. Rxf7+
Re7 28. Rf6 Nc7 29. Bf8 Nd5 30. Bxe7 Kxe7 31. Rh6 Rd2 32. Rxh7+ Kd8 33. Rb1 Ne7
34. Rb7 Nc6 35. Rh8# 1-0

[Event "Challenge"]
[Site "http://www.queenalice.com/game.php?id=35087"]
[Date "2005.10.27"]
[Round "-"]
[White "geronimo"]
[Black "thiferri"]
[Result "0-1"]
[WhiteElo "1099"]
[BlackElo "1634"]

1. e4 e5 2. Bc4 Nf6 3. Qf3 Nc6 4. Bd3 Nd4 5. Qg3 d6 6. c3 Nh5 7. Qe3 Nf4 8. cxd4
Nxg2+ 9. Kd1 Nxe3+ 10. fxe3 Bg4+ 11. Be2 Qh4 12. Nf3 Qf2 13. Rf1 Qg2 14. d3 Be7
15. Nc3 O-O 16. Bd2 Bh3 17. Nd5 Bd8 18. Rc1 c6 19. Nb4 a5 20. Rg1 Qf2 21. Be1
Qxe3 22. Rg3 Qh6 23. Bd2 Qf6 24. Ng5 Bd7 25. d5 axb4 26. dxc6 Bxc6 27. Bg4 Qf2
28. Nh3 Qxh2 29. Rf3 Qg2 30. Nf2 Bd7 31. Bh5 Bh4 32. Be1 Rxa2 33. Rc7 Ba4+ 34.
Kd2 Rxb2+ 35. Kc1 Re2 36. Bxf7+ Kh8 37. d4 Qxf3 38. Bxb4 Qxf2 39. Bxd6 Qf1# 0-1

[Event "AUTO-ADV-96"]
[Site "http://www.queenalice.com/game.php?id=35159"]
[Date "2005.10.27"]
[Round "1"]
[White "wakkow"]
[Black "thiferri"]
[Result "1-0"]
[WhiteElo "1684"]
[BlackElo "1556"]

1. e4 e5 2. Nf3 Nc6 3. Bb5 a6 4. Bxc6 dxc6 5. Nxe5 Nf6 6. d3 Bc5 7. Be3 Bxe3 8.
fxe3 Qe7 9. Nf3 Qb4+ 10. Nbd2 Ng4 11. b3 Nxe3 12. Qc1 Qc3 13. Kf2 Nxc2 14. Nc4
Qxa1 15. Qxa1 Nxa1 16. Rxa1 a5 17. a4 O-O 18. Ng5 h6 19. Nf3 1-0

[Event "AUTO-ADV-96"]
[Site "http://www.queenalice.com/game.php?id=35160"]
[Date "2005.10.27"]
[Round "1"]
[White "thiferri"]
[Black "wakkow"]
[Result "0-1"]
[WhiteElo "1556"]
[BlackElo "1672"]

1. e4 e5 2. Nf3 Nc6 3. d4 exd4 4. Nxd4 Nxd4 5. Qxd4 c5 6. Qd5 Nf6 7. Qg5 Nxe4 8.
Qxd8+ Kxd8 9. Bc4 d6 10. Bxf7 Be7 11. Bd5 Nf6 12. Bf3 a5 13. Nc3 Rf8 14. Na4 Nd7
15. O-O h6 0-1

[Event "AUTO-ADV-96"]
[Site "http://www.queenalice.com/game.php?id=35173"]
[Date "2005.10.27"]
[Round "1"]
[White "thiferri"]
[Black "ivan_at"]
[Result "0-1"]
[WhiteElo "1527"]
[BlackElo "1405"]

1. e4 e5 2. Nf3 d6 3. d4 Nf6 4. Nc3 c6 5. dxe5 dxe5 6. Qxd8+ Kxd8 7. Nxe5 Be6 8.
b3 Bb4 9. Bd2 Re8 10. Bc4 Bxc3 11. Bxc3 Nxe4 12. Bxe6 Nxc3 13. Nxf7+ Kc7 14. Ng5
h6 15. O-O hxg5 16. Bf7 Re7 17. Bh5 Nd7 18. a4 Rae8 19. Bxe8 Rxe8 20. a5 Nc5 21.
b4 Ne2+ 22. Kh1 Ne4 23. Rae1 Nd2 24. Rg1 g4 25. g3 Nf3 26. Rgf1 Nxe1 27. Rxe1
Re6 28. Kg2 Nd4 29. Rc1 Re2 30. c3 Nb3 31. Rb1 Nd2 32. Rd1 Ne4 33. Kf1 Rxf2+ 34.
Kg1 Rc2 35. Re1 Nxc3 36. Re7+ Kb8 37. Rxg7 Ne2+ 38. Kf1 Nxg3+ 39. hxg3 Rc4 40.
Rg8+ Kc7 41. Ra8 a6 42. Rg8 Rxb4 43. Rg7+ Kc8 44. Ke2 Rd4 45. Rg5 Kc7 0-1

[Event "AUTO-ADV-96"]
[Site "http://www.queenalice.com/game.php?id=35174"]
[Date "2005.10.27"]
[Round "1"]
[White "ivan_at"]
[Black "thiferri"]
[Result "1-0"]
[WhiteElo "1477"]
[BlackElo "1611"]

1. e4 e5 2. Nc3 Bc5 3. Nf3 Nc6 4. Bc4 d6 5. h3 Nf6 6. d3 Bd7 7. Bg5 h6 8. Bxf6
Qxf6 9. Nd5 Qd8 10. a3 O-O 11. O-O Na5 12. b4 Nxc4 13. dxc4 Be6 14. bxc5 dxc5
15. Nxe5 c6 16. Ne3 Qh4 17. Nf3 Qxe4 18. Re1 Rad8 19. Qe2 a6 20. Rac1 b5 21.
cxb5 cxb5 22. c4 b4 23. axb4 cxb4 24. Rb1 a5 25. Ra1 Rc8 26. Nd2 Qa8 27. Rec1 a4
28. Rcb1 Rb8 29. Nb3 a3 30. Rd1 Qa4 31. Nc5 Qc6 32. Nb3 1-0

[Event "AUTO-ADV-96"]
[Site "http://www.queenalice.com/game.php?id=35175"]
[Date "2005.10.27"]
[Round "1"]
[White "thiferri"]
[Black "Kritikos"]
[Result "0-1"]
[WhiteElo "1545"]
[BlackElo "1505"]

1. e4 e5 2. Nf3 d6 3. Bc4 Nc6 4. d4 Bg4 5. h3 Bh5 6. d5 Nd4 7. Qd3 Bxf3 8. gxf3
Nf6 9. f4 Be7 10. c3 Nf5 11. fxe5 dxe5 12. exf5 O-O 13. h4 e4 14. Qg3 Bd6 15. f4
Nh5 16. Qg4 Nf6 17. Qg2 Nh5 18. Qg4 Nf6 19. Qe2 Re8 20. Bb5 Re7 21. h5 h6 22. c4
a6 23. Ba4 Rc8 0-1

[Event "AUTO-ADV-96"]
[Site "http://www.queenalice.com/game.php?id=35176"]
[Date "2005.10.27"]
[Round "1"]
[White "Kritikos"]
[Black "thiferri"]
[Result "1-0"]
[WhiteElo "1546"]
[BlackElo "1640"]

1. d4 Nf6 2. c4 d5 3. Nc3 dxc4 4. e4 Nc6 5. d5 Nb4 6. Qa4+ c6 7. Qxb4 cxd5 8.
exd5 Nxd5 9. Nxd5 Qxd5 10. Qxc4 Qe5+ 11. Be2 b5 12. Qc6+ Kd8 13. Be3 Qxb2 14.
Rd1+ Qd4 15. Rxd4+ Bd7 16. Qxd7# 1-0

[Event "Challenge"]
[Site "http://www.queenalice.com/game.php?id=35285"]
[Date "2005.10.27"]
[Round "-"]
[White "thiferri"]
[Black "Alsina"]
[Result "0-1"]
[WhiteElo "1640"]
[BlackElo "2107"]

1. e4 c6 2. e5 c5 3. d4 cxd4 4. Qxd4 Nc6 5. Qh4 Nxe5 6. Nc3 Nf6 7. Qf4 Nc6 8.
Nf3 e5 9. Nxe5 Qe7 10. Nb5 d6 11. Nxd6+ Qxd6 12. Bb5 Qd5 13. c4 Qxg2 14. Rf1 Bh3
15. Nxc6 Qxf1+ 16. Kd2 a6 17. Qe5+ Be6 18. Ba4 bxc6 19. Bxc6+ Nd7 20. Qc7 Bb4+
21. Kc2 Qxc4+ 22. Kd1 Qd3+ 23. Bd2 Qxd2# 0-1

[Event "Challenge"]
[Site "http://www.queenalice.com/game.php?id=35286"]
[Date "2005.10.27"]
[Round "-"]
[White "thiferri"]
[Black "NextFuture"]
[Result "0-1"]
[WhiteElo "1569"]
[BlackElo "2018"]

1. e4 Nf6 2. e5 Nd5 3. d4 d6 4. Nf3 Bg4 5. h3 Bxf3 6. Qxf3 dxe5 7. Bc4 e6 8.
dxe5 c6 9. O-O Nd7 10. Qe4 Qa5 11. Nd2 N5b6 12. Nb3 Qb4 13. Nd2 Nxc4 14. Nxc4
Nxe5 15. Qxe5 Qxc4 16. Qc7 Qb4 17. Rd1 Qe7 18. Qg3 h6 19. a4 Rc8 20. Bf4 Qf6 21.
Bd6 Bxd6 22. Qxd6 Qe7 23. Qxe7+ Kxe7 24. b4 Rhd8 25. Rxd8 Rxd8 26. c4 Rd4 27.
Rc1 Kd6 0-1

[Event "Challenge"]
[Site "http://www.queenalice.com/game.php?id=35287"]
[Date "2005.10.27"]
[Round "-"]
[White "thiferri"]
[Black "Alarasu"]
[Result "0-1"]
[WhiteElo "1581"]
[BlackElo "1991"]

1. e4 e5 2. Nf3 Nf6 3. Nc3 Nc6 4. Bc4 Nxe4 5. Nxe5 Nxe5 6. Bb3 Nxc3 7. dxc3 Bc5
8. Qd5 d6 9. Bf4 Qf6 10. Qd2 a5 11. a4 Bg4 12. h3 Be6 13. Bxe6 fxe6 14. O-O Nc4
15. Qc1 O-O 16. Bg5 Bxf2+ 17. Kh1 Qe5 18. Rd1 Rf5 0-1

[Event "Challenge"]
[Site "http://www.queenalice.com/game.php?id=35288"]
[Date "2005.10.27"]
[Round "-"]
[White "thiferri"]
[Black "csparrow"]
[Result "0-1"]
[WhiteElo "1640"]
[BlackElo "2064"]

1. e4 c5 2. e5 Nc6 3. Nf3 Qc7 4. Qe2 d6 5. exd6 Qxd6 6. Nc3 Nf6 7. Nb5 Qb8 8.
Qc4 a6 9. Nc3 Nb4 10. Na4 b5 11. Qxc5 Nfd5 12. Nb6 e6 13. Qxc8+ Qxc8 14. Nxc8
Nxc2+ 15. Kd1 Nxa1 16. Nb6 Nxb6 17. d4 Rc8 18. Bd3 Nd5 19. a3 Nb3 20. Bc2 Nxc1
21. Kxc1 b4 22. Kd2 bxa3 23. Rb1 Bb4+ 24. Kd1 O-O 25. Bd3 axb2 26. Rxb2 a5 27.
Ba6 Rc7 28. h4 a4 29. Ke2 a3 30. Rd2 Bxd2 31. Nxd2 a2 32. Nb3 Rb8 33. Na1 Rb1
34. Nc2 Rxc2+ 35. Kf3 Rc3+ 36. Ke4 Re1+ 37. Be2 Rxe2# 0-1

[Event "Challenge"]
[Site "http://www.queenalice.com/game.php?id=35316"]
[Date "2005.10.28"]
[Round "-"]
[White "thiferri"]
[Black "Alsina"]
[Result "0-1"]
[WhiteElo "1569"]
[BlackElo "2121"]

1. e4 e6 2. e5 d6 3. Nf3 dxe5 4. Nxe5 Nd7 5. Nxd7 Bxd7 6. d4 c5 7. Nc3 Nf6 8. d5
Qc7 9. Bb5 Bxb5 10. Nxb5 Qa5+ 11. Nc3 Nxd5 12. Bd2 Qa6 13. a3 Bd6 14. Ne4 Be5
15. Nxc5 Qc4 16. Nxb7 O-O 17. Na5 Qc7 18. c4 Bxb2 19. O-O Bxa1 20. Qxa1 Nf6 21.
Bb4 Rfd8 22. Qc3 Ng4 23. Qh3 Ne5 24. Qg3 Rd3 25. Qf4 Nf3+ 26. Qxf3 Rxf3 27. gxf3
Rd8 28. Rc1 Rd5 29. c5 Rg5+ 30. Kh1 Qf4 31. Rc3 Qd2 32. h4 Qe1+ 33. Kh2 Qg1+ 34.
Kh3 Qg2# 0-1